|
|
|
|
| LEADER |
00000naa2a2200000 4500 |
| 001 |
624838 |
| 005 |
20240207124959.0 |
| 035 |
|
|
|a (RuTPU)RU\TPU\conf\24098
|
| 035 |
|
|
|a RU\TPU\conf\24096
|
| 090 |
|
|
|a 624838
|
| 100 |
|
|
|a 20171201d2017 k y0rusy50 ca
|
| 101 |
0 |
|
|a rus
|
| 102 |
|
|
|a RU
|
| 105 |
|
|
|a y z 101zy
|
| 135 |
|
|
|a drgn ---uucaa
|
| 181 |
|
0 |
|a i
|
| 182 |
|
0 |
|a b
|
| 200 |
1 |
|
|a Реинжиниринг процессов в отделе экономики и финансов Красноярского ЦФТО с использованием BestPractices
|f Е. И. Громаков, А. Д. Передельская
|g науч. рук. Е. И. Громаков
|
| 203 |
|
|
|a Текст
|c электронный
|
| 225 |
1 |
|
|a Эффективные системы управления качеством
|
| 300 |
|
|
|a Заглавие с экрана
|
| 320 |
|
|
|a [Библиогр.: с. 120 (2 назв.)]
|
| 463 |
|
0 |
|0 (RuTPU)RU\TPU\conf\23960
|t Ресурсоэффективные системы в управлении и контроле: взгляд в будущее
|o сборник научных трудов VI Международной конференции школьников, студентов, аспирантов, молодых ученых, 9 -14 октября 2017 г., г. Томск
|f Национальный исследовательский Томский политехнический университет (ТПУ)
|v [С. 120]
|d 2017
|
| 610 |
1 |
|
|a электронный ресурс
|
| 610 |
1 |
|
|a труды учёных ТПУ
|
| 610 |
1 |
|
|a реинжиниринг
|
| 610 |
1 |
|
|a бизнес-процессы
|
| 610 |
1 |
|
|a экономические процессы
|
| 610 |
1 |
|
|a производственно-финансовая деятельность
|
| 610 |
1 |
|
|a транспортное обслуживание
|
| 610 |
1 |
|
|a корпоративная политика
|
| 700 |
|
1 |
|a Громаков
|b Е. И.
|c специалист в области автоматизированных систем управления
|c доцент Томского политехнического университета, кандидат технических наук
|f 1943-
|g Евгений Иванович
|3 (RuTPU)RU\TPU\pers\25727
|9 11629
|
| 701 |
|
1 |
|a Передельская
|b А. Д.
|
| 702 |
|
1 |
|a Громаков
|b Е. И.
|c специалист в области автоматизированных систем управления
|c доцент Томского политехнического университета, кандидат технических наук
|f 1943-
|g Евгений Иванович
|4 727
|
| 712 |
0 |
2 |
|a Национальный исследовательский Томский политехнический университет (ТПУ)
|b Институт кибернетики (ИК)
|b Кафедра систем управления и мехатроники (СУМ)
|3 (RuTPU)RU\TPU\col\22617
|
| 712 |
0 |
2 |
|a Томский государственный университет (ТГУ)
|3 (RuTPU)RU\TPU\col\397
|
| 801 |
|
2 |
|a RU
|b 63413507
|c 20171206
|g RCR
|
| 856 |
4 |
|
|u http://earchive.tpu.ru/handle/11683/44729
|
| 942 |
|
|
|c BK
|